| 000 | 00465nam a2200145Ia 4500 | ||
|---|---|---|---|
| 008 | 220216s9999 xx 000 0 und d | ||
| 100 | _aZhongliang Liu | ||
| 245 | 0 | _aCold resistance trial of 41 Hevea brasiliensis clones in Yunnan | |
| 260 | _bIRRDB Natural Rubber Conference 2008, 13-15 October 2008, Kuala Lumpur, Malaysia: Abstract of papers | ||
| 650 | _aCold resistance | ||
| 650 | _aHevea clones | ||
| 650 | _aYunnan | ||
| 856 | _uAbst only | ||
| 942 | _cJS | ||
| 999 |
_c55833 _d55833 |
||